Detalles MARC
| 000 -LÍDER |
| Campo fijo de descripción fija |
02098aam a2200337 i 4500 |
| 001 - NÚMERO DE CONTROL |
| Campo de control |
768714001 |
| 003 - IDENTIFICADOR DEL NÚMERO DE CONTROL |
| Campo de control |
CO-MdFUSB |
| 005 - FECHA Y HORA DE LA ULTIMA TRANSACCIÓN |
| control field |
20240930161029.0 |
| 007 - CAMPO FIJO DE DESCRIPCIÓN FIJA--INFORMACIÓN GENERAL |
| Campo fijo de descripción fija |
ta |
| 008 - ELEMENTOS DE LONGITUD FIJA -- INFORMACIÓN GENERAL |
| Campo fijo de descripción fija -- Información general |
240930t1996 sp |||| |||| 00| 0 spa d |
| 020 ## - NÚMERO INTERNACIONAL NORMALIZADO PARA LIBROS |
| Número Internacional Normalizado del libro |
8429312021 |
| 040 ## - FUENTE DE CATALOGACIÓN |
| Agencia que realiza la transcripción |
CO-MdFUSB |
| 041 0# - CÓDIGO DE IDIOMA |
| Código de idioma para texto/pista de sonido o título separado |
spa |
| Código de idioma original |
ger |
| 082 04 - NÚMERO DE CLASIFICACIÓN DECIMAL DEWEY |
| Número de clasificación |
262.13 |
| Número de la edición del Dewey |
23 |
| Clave de autor-Numero de item |
SCH312 |
| 100 1# - ASIENTO PRINCIPAL--NOMBRE PERSONAL |
| Nombre personal |
Schatz, Klaus |
| Término relacionador |
autor |
| 240 ## - TITULO UNIFORME |
| Título uniforme |
<a href="Der Papstliche Primat. Seine geschichte von der Ursprungen biz zur Gegenwart">Der Papstliche Primat. Seine geschichte von der Ursprungen biz zur Gegenwart</a> |
| 245 13 - TÍTULO |
| Título del Material |
El primado del papa : |
| Parte restante del título - Subtitulo |
su historia desde los orígenes hasta nuestros días |
| Mención de responsabilidad, etc. |
/ Klaus Schatz ; traducido por J. Santiago Madrigal |
| 264 #1 - PRODUCCIÓN, PUBLICACIÓN, DISTRIBUCIÓN, MANUFACTURA, Y COPYRIGHT |
| Nombre del productor, publicador, distribuidor |
Sal Terrae, |
| Lugar de producción, publicación, distribución, manufactura |
España : |
| Fecha de producción, publicación, distribución, manufactura, o copyright |
[1996] |
| 264 #4 - PRODUCCIÓN, PUBLICACIÓN, DISTRIBUCIÓN, MANUFACTURA, Y COPYRIGHT |
| Fecha de producción, publicación, distribución, manufactura, o copyright |
©1996 |
| 300 ## - DESCRIPCIÓN FÍSICA |
| Extensión |
253 páginas |
| Dimensiones |
; 22 cm |
| 336 ## - TIPO DE CONTENIDO |
| Término de tipo de contenido |
texto |
| Código de tipo de contenido |
txt |
| Fuente |
rdacontent |
| 337 ## - TIPO DE MEDIO |
| Fuente |
rdamedia |
| Nombre del tipo de medio |
sin mediación |
| Código del tipo de medio |
n |
| 338 ## - TIPO DE SOPORTE |
| Fuente |
rdacarrier |
| Nombre del tipo de soporte |
volumen |
| Código Tipo de soporte |
nc |
| 490 ## - MENCIÓN DE SERIE |
| Mención de serie |
Presencia teológica |
| 505 ## - NOTA DE CONTENIDO |
| Información miscelánea |
Primera parte: |
| Título |
La evolución del primado en los cinco primeros siglos: |
| Nota de contenido con formato preestablecido |
¿Cómo plantear correctamente la pregunta? -- Significado religioso y espiritual de la iglesia de Roma. -- Roma, lugar de una tradición privilegiada. -- Roma como centro de la "Comunnio". -- Del centro de la "Comunnio" a la dirección de la iglesia universal. |
| Información miscelánea |
Parte II: |
| Título |
Una función diferente de la unidad en Oriente y en Occidente: |
| Nota de contenido con formato preestablecido |
Primado y estructuras de la iglesia imperial durante los siglos V -IX. -- El primado en el devenir de Occidente. |
| Información miscelánea |
Parte III: |
| Título |
El papado como cabeza de la iglesia y la cristiandad medievales: |
| Nota de contenido con formato preestablecido |
El marco histórico. -- Etapas de la idea del primado. -- El primado en relación con concilios y obispos. -- La crisis del primado en la Baja Edad Media. |
| Información miscelánea |
Parte IV: |
| Título |
El primado como seña de identidad confesional en la época moderna: |
| Nota de contenido con formato preestablecido |
De la ruptura confesional a la Ilustración. -- De la Revolución Francesa al Vaticano I. -- El Concilio Vaticano I. -- Después de 1870: ¿sigue abierta la historia? |
| 563 ## - NOTA DE ENCUADERNACIÓN |
| Nota de encuadernación |
Rústico |
| 650 14 - ASIENTO SECUNDARIO DE MATERIA - TERMINO TEMÁTICO |
| Término temático o nombre geográfico como elemento de entrada |
Papas - Primado \ Iglesia católica - Historia \ Papado - Historia |
| 700 ## - ASIENTO SECUNDARIO - NOMBRE PERSONAL |
| Nombre personal |
Madrigal, Santiago J., |
| 9 (RLIN) |
10802 |
| Responsabilidad |
traductor |
| 942 ## - TIPO DE MATERIAL (KOHA) |
| Tipo de Item KOHA |
Libros General |
| 945 ## - INFORMACIÓN LOCAL DEL REGISTRO |
| Catalogador |
JTF-925 |